000
00190 a2200097 4500
001
8111
100
_a
A S A
245
_a
Swimming Instruction
260
_a
_b
E P L
_c
090
_c
6512
_d
6512
942
_a
NUST-CAE
_c
M
_c
33059
999
_c
243184
_d
243184